000 00390 a2200157 4500
001 70686
020 _a8526219898
040 _cAnchieta - Itaigara
100 _aMartho, Gilberto
240 1 0 _aO ouvido e a audição
_lpor
245 1 0 _aO ouvido e a audição
300 _a40
362 0 _a1997
650 4 _aBiologia, antropologia, etnologia, ciência da vida (naturais)
942 _cBK
999 _c70686
_d70686